000
00221 a2200097 4500
001
41896
100
_a
245
_a
The World Book Encyclopedia
260
_a
_b
F Enterp Education Corporations
_c
090
_c
25962
_d
25962
942
_a
NUST-CAE
_c
M
_c
17738
999
_c
276969
_d
276969